00450 2200181 4500245005300000020001800053250001100071100002200082700001800104700002200122650001000144005001900154260003800173041001400211084000800225300002600233336000900259 aMengenal Keunikan HewancAdrian R. NugrahahText a979-3372-50-8 aCet. 2 aAdrian R. Nugraha aTaufik Hendra aZusiyanah Samosir aHewan a20230307105757 aDepokbBinamuda Ciptakreasic2013 aIndonesia a590 aiv, 82 hlm. :c25 cm. atext